| 000 | 00630nam a2200241 a 4500 | ||
|---|---|---|---|
| 001 | nice12345678 | ||
| 003 | IN_TiNIC | ||
| 005 | 20260116014020.0 | ||
| 008 | 050524s2000 jeda grp 000 0 eng | ||
| 020 |
_a0340557 _c99 |
||
| 082 | 0 | 0 |
_a347.09 _bMAC |
| 100 | _aMacdonald, John | ||
| 245 | _aSuccessfully Resolving Conflict in a Week | ||
| 260 |
_aJeddah _bHodder and Stoughton _c2000 |
||
| 300 | _a93p | ||
| 500 | _aincludes index and biblioraphy | ||
| 505 | 2 | _aGlossary, Index | |
| 650 | _aConflict Resolution-Arbitration | ||
| 700 | 1 | _aMacdonald, John | |
| 902 | _bSRS | ||
| 942 | _cBK | ||
| 999 |
_c13507 _d13507 |
||